| 000 | 00312 a2200133 4500 | ||
|---|---|---|---|
| 001 | 38908 | ||
| 082 | _a621.38152 PIE | ||
| 090 |
_c24602 _d24602 |
||
| 100 | _aPierret R F | ||
| 245 | _aSemiconductors Fundamentals (Vol-I), 2/e | ||
| 250 | _a2 | ||
| 260 |
_aU S A _bAddison Wesley _c1988 |
||
| 300 | _a146p | ||
| 942 |
_aNUST-CAE _k621.38152 PIE |
||
| 999 |
_c273981 _d273981 |
||